Sports Quiz

Random Sports Quiz
Score 0/18 Timer 05:00
0 Plays Today
Team % Correct
Sydney Swans
94.3%
Adelaide Crows
93.8%
Brisbane Lions
92.9%
Geelong Cats
92.9%
Collingwood Magpies
92.6%
Fremantle Dockers
91.1%
West Coast Eagles
91.1%
Port Adelaide Power
89.6%
Melbourne Demons
88.4%
Team % Correct
Hawthorn Hawks
87.5%
St Kilda
87.5%
Carlton Blues
86.9%
Essendon Bombers
86.6%
North Melbourne Kangaroos
85.7%
Richmond Tigers
84.2%
Western Bulldogs
83.9%
Gold Coast Suns
60.7%
Greater Western Sydney Giants
56%

You're not logged in!

Compare scores with friends on all Sporcle quizzes.
OR
Log In

Sporcle TV

Today on Sporcle TV


Watch our educational content, quiz creation guides, and fun videos on Sporcle TV.

Show Comments

Extras

Created Sep 28, 2009SourceReportNominate
Tags:AFL, australia, team

Top Quizzes Today


Score Distribution

Paid Content

Your Account Isn't Verified!

In order to create a playlist on Sporcle, you need to verify the email address you used during registration. Go to your Sporcle Settings to finish the process.

Report this User

Report this user for behavior that violates our Community Guidelines.

Details: